Statistics for 44 countries where despacito was number one single

Click here to take the quiz!

General Stats

  • This quiz has been taken 9 times
  • The average score is 38 of 44

Answer Stats

No.Country% Correct
26netherlands
100%
31peru
100%
43united states of america
100%
4belgium
100%
5bolivia
100%
42united kingdom
100%
7chile
100%
27new zealand
100%
39spain
100%
25mexico
100%
34portugal
100%
14france
100%
33poland
100%
28norway
89%
29panama
89%
1argentina
89%
30paraguay
89%
35russia
89%
38slovenia
89%
40sweden
89%
37slovakia
89%
23luxembourg
89%
2australia
89%
17guatemala
89%
3austria
89%
6canada
89%
8colombia
89%
15germany
89%
13finland
89%
18hungary
89%
19ireland
89%
21italy
89%
44venezuela
89%
16greece
78%
11denmark
78%
10czech republic
78%
41switzerland
78%
36serbia
67%
9costa rica
67%
20israel
67%
32philippines
56%
24malaysia
44%
12ecuador
44%
22lebanon
22%

Score Distribution

Percentile by Number Answered

Percent of People with Each Score

Your Score History

You have not taken this quiz